| 000 | 00422nam a2200145Ia 4500 | ||
|---|---|---|---|
| 008 | 220217s9999||||xx |||||||||||||| ||und|| | ||
| 020 | _a81-265-0101-4 | ||
| 082 | _a004.62 UND | ||
| 100 |
_aUnderdahl, Brian Underdahl, Keith _91247 |
||
| 245 | 0 | _aInternet with web page / web site design | |
| 250 | _a2nd | ||
| 260 |
_aIDG books india privet Ltd. _bNew Delhi _c2000 |
||
| 300 | _b399 | ||
| 650 | _aCOMPUTER NETWORK | ||
| 999 |
_c166136 _d166136 |
||